Ako podnikať na Ukrajine
Postup pri registrácii zahraničných subjektov podľa metodiky vypracovanej na základe čl. 5 Zákona USSR o zahranično-ekonomickej činnosti na Ukrajine.Regionálne úrady Ministerstva zahranično-ekonomických vzťahov a obchodu Ukrajiny. Služobné preukazy spolupracovníkov.
Salvato in:
| Autore principale: | |
|---|---|
| Natura: | Capitolo di libro |
| Lingua: | slovacco |
| Soggetti: | |
| Tags: |
Nessun Tag, puoi essere il primo ad aggiungerne!!
|
MARC
| LEADER | 00000naa a2200000 4500 | ||
|---|---|---|---|
| 001 | r025832 | ||
| 005 | 20230824085335.3 | ||
| 041 | 0 | |a slo | |
| 044 | |a SK | ||
| 245 | 1 | 0 | |a Ako podnikať na Ukrajine |c V. Fitzeková |
| 520 | |a Postup pri registrácii zahraničných subjektov podľa metodiky vypracovanej na základe čl. 5 Zákona USSR o zahranično-ekonomickej činnosti na Ukrajine.Regionálne úrady Ministerstva zahranično-ekonomických vzťahov a obchodu Ukrajiny. Služobné preukazy spolupracovníkov. | ||
| 610 | 2 | 0 | |a Ukrajina |
| 610 | 2 | 0 | |a 1997 |
| 610 | 2 | 0 | |a podnikanie v zahraničí |
| 100 | 1 | |a Fitzeková, V. | |